Network flow analysis (Record no. 128689)
[ view plain ]
| 000 -LEADER | |
|---|---|
| fixed length control field | 01391nam a2200325 a 4500 |
| 082 04 - DEWEY DECIMAL CLASSIFICATION NUMBER | |
| Classification number | 658.4/032 |
| 100 1# - MAIN ENTRY--AUTHOR NAME | |
| Personal name | Lucas, Michael, |
| 245 10 - TITLE STATEMENT | |
| Title | Network flow analysis |
| 260 ## - PUBLICATION, DISTRIBUTION, ETC. (IMPRINT) | |
| Place of publication | San Francisco : |
| Name of publisher | No Starch Press, |
| Year of publication | c2010. |
| 300 ## - PHYSICAL DESCRIPTION | |
| Number of Pages | xiii, 204 p. : |
| Other physical details | ill. |
| 500 ## - GENERAL NOTE | |
| General note | Includes index. |
| 505 0# - FORMATTED CONTENTS NOTE | |
| Formatted contents note | Flow fundamentals -- Collectors and sensors -- Viewing flows -- Filtering flows -- Reporting and follow-up analysis -- Perl, Flowscan, and Cflow.pm -- FlowViewer -- Ad hoc flow visualization -- Edges and analysis. |
| 650 #0 - SUBJECT ADDED ENTRY--TOPICAL TERM | |
| Topical Term | Network analysis (Planning) |
| 856 40 - ELECTRONIC LOCATION AND ACCESS | |
| Uniform Resource Identifier | http://site.ebrary.com/lib/rucke/Doc?id=10496678 |
No items available.
